Bienvenue à la Médiathèque de Saint-Andiol
banniere
Accueil Recherche avancée Mon compte
handi1 Rechercher dans le catalogue

Filtre   Mots-clés
  Recherche avancée
 
Lister les dernières nouveautés
 
Lister les livres GROS CARACTERES
 
Lister les périodiques (magazines)

handi1 Peuple venu d'ailleurs (Le)

Book Cover
Auteur principal : Stéphane Tamaillon
Autres auteurs : Pierre Uong
Titre : Peuple venu d'ailleurs (Le)
Support : Livres
Langue : Francais
Series : Liloo fille des cavernes
Genre : Bande Dessinée (enfants)
Sujets :
Étiquettes :
Pas de tags
LEADER 01830nam0a2200205 450
001 16868149
010 |a 978-2-35241-460-5  |b cart.  |d 14 € 
100 |a 20201231d2021 u u0frey01 ba 
101 0 |a fre 
102 |a FR 
200 0 |a Peuple venu d'ailleurs (Le)  |f scénario Stéphane Tamaillon  |g dessin Pierre Uong 
207 1 |a   
215 |a 1 vol. (40 p.)  |c illustrations en couleur  |d 30 cm 
330 |a Alors que Liloo et ses amis regagnent enfin les rivages d'Europe après leurs aventures en Afrique, ils doivent venir au secours d'une embarcation qui s'est abîmée contre des récifs. A son bord, les derniers membres du clan des Cépatouprés, qui ont fui la guerre et l'aridité de leurs terres et cherchent refuge ailleurs. Une fois le pied au sec, Liloo leur propose de s'installer au nord, chez les siens, dans les montagnes. Mais, il leur faut d'abord traverser la lande nappée de brouillard qui les sépare de la grande plaine où chasse le peuple des Caverneux. Hélas, la tribu des Duracuirs, déjà en guerre avec les Pacomaudes, s'y oppose, de peur de voir de nouveaux intrus coloniser leur sol et voler leurs ressources. Repoussés sur le rivage, Liloo, ses camarades et les Cépatouprés, ne savent que faire. Ils croient trouver une solution avec l'offre que leur font deux Duracuir, Tez et Antitez. En échange des rares biens des Cépatouprés, ils se proposent de les aider à traverser en douce leurs terres à l'insu de leur chef, Nucleus. Mais au lieu de tenir leur promesse, les deux bandits les égarent dans le brouillard.. 
461 0 |t Liloo fille des cavernes  |v 04 
700 0 |a Tamaillon  |b Stéphane  |4 70 
701 0 |a Uong  |b Pierre  |4 440 
900 |a Bande Dessinée (enfants) 
901 |a Jeunesse 
995 |a Médiathèque  |c Médiathèque  |f 00156010450427  |h 00156010450427  |k BD LIL  |o p  |q j  |r az  |e Médiathèque